000 01706nam a2200289Ia 4500
003 PE SENCICO BE
005 20251020182434.0
008 200515s9999 xx 000 0 und d
020 _a978-84-252-1089-1
040 _aPE SENCICO BE
_cPE SENCICO BE
041 _aspa
082 _a690.1
_bA47
100 1 _aAllen, Edward
_91476
_eautor
245 1 0 _aCómo funciona un edificio :
_bprincipios elementales /
_cEdward Allen
250 _a1a ed.
260 _aBarcelona :
_bGustavo Gili,
_c2015
300 _a258 páginas :
_bilustraciones,
_c24 cm.
520 3 _aEste manual explora el comportamiento del edificio de la misma manera que una introducción a la fisiología resume la estructura y el funcionamiento del cuerpo humano. Desde el abastecimiento de agua o el reciclaje de los desperdicios, hasta la iluminación, el sonido o el comportamiento estructural, el libro repasa las funciones "orgánicas" del edificio, describiendo en forma sencilla fenómenos que pueden resultar complejos y proporcionando las claves que hay que tener en cuenta a la hora de proyectarlo. Con la ayuda de las cerca de 300 ilustraciones originales que acompañan al texto y de un estilo claro y didáctico, el libro no solo es una magnífica introducción al funcionamiento integral de un edificio, sino que se ha convertido en obra de referencia indiscutible entre los estudiantes y profesionales de la arquitectura y la construcción.
650 1 0 _9519
_aEdificios
650 2 0 _9676
_aRehabilitación de edificios
650 2 0 _9177
_aConstrucción
650 2 0 _91477
_aHumedad en los edificios
650 2 0 _915
_aEstructuras
650 2 0 _9952
_aIngeniería ambiental
942 _cLIB
_2ddc
999 _c343
_d343